Iglesia y liberación humana: los documentos de Medellín

Uloženo v:
Podrobná bibliografie
Korporace: CELAM (Autor), Conferencia Episcopal Latinoamericana (Autor)
Médium: Kniha
Jazyk:španělština
Vydáno: Santiago Salesiana 1968
Témata:
Tagy: Přidat tag
Žádné tagy, Buďte první, kdo vytvoří štítek k tomuto záznamu!

MARC

LEADER 00000nam a2200000 a 4500
001 UCY7195
003 CL-VaPUC
008 950609e19680000CL |||||||||||||||||spa|d
082 0 4 |a 261.1  |b CEL  |2 21 
110 2 |a CELAM  |e author  |9 337470 
710 2 |a Conferencia Episcopal Latinoamericana  |e author  |9 337471 
245 1 0 |a Iglesia y liberación humana: los documentos de Medellín 
300 |a 261 p 
942 |c BK 
945 |d 19950609 00:00:00  |a mfernand 
260 |a Santiago  |b Salesiana  |c 1968 
600 0 |a Dios  |9 314467 
600 0 |a Jesús  |9 313614 
600 0 7 |a ESPIRITU SANTO  |2 CL-VaPUC  |9 334587 
650 0 |a Familias   |9 255641 
650 0 |a Justicia social  |9 314874 
650 0 |a Comunidades  |9 337024 
650 0 |a Educación  |9 258661 
650 0 |a Problemas sociales  |9 258537 
650 0 |a Economía   |9 255568 
650 7 |a EVANGELIZACION  |2 CL-VaPUC  |9 337472 
650 0 |a Catequesis  |9 314526 
650 0 |a Catolicismo  |9 258690 
650 0 |a Amor  |9 257817 
650 0 |a Paz  |9 259242 
650 0 |a Ecumenismo  |9 255639 
651 0 |a América Latina   |9 255027 
583 |a last modification  |c 19950609 00:00:00  |k Rodrigo Vera 
999 |c 234624  |d 234622